Catálogo

El oro de los dioses / (Registro nro. 26308)

Detalles MARC
000 -LEADER
fixed length control field 01256cam a2200325 i 4500
001 - CONTROL NUMBER
control field 26308
003 - CONTROL NUMBER IDENTIFIER
control field Mx-PuUPA
005 - DATE AND TIME OF LATEST TRANSACTION
control field 20250716081924.0
008 - FIXED-LENGTH DATA ELEMENTS--GENERAL INFORMATION
fixed length control field 140415s1974 ck a gr 000 0 spa d
040 ## - CATALOGING SOURCE
Transcribing agency Mx-PuUPA
Original cataloging agency Mx-PuUPA
Language of cataloging spa
Modifying agency Mx-PuUPA
Description conventions rda
041 1# - LANGUAGE CODE
Language code of text/sound track or separate title spa
Language code of original ger
100 1# - MAIN ENTRY--PERSONAL NAME
Personal name Däniken, Erich von,
Dates associated with a name 1935-
9 (RLIN) 17306
Relator term autor
240 12 - UNIFORM TITLE
Uniform title A ussaat und kosmos.
Language of a work Español
245 13 - TITLE STATEMENT
Title El oro de los dioses /
Statement of responsibility, etc. Erich von Däniken ; traducción, Eduardo Videla
264 #1 - PRODUCTION, PUBLICATION, DISTRIBUTION, MANUFACTURE, AND COPYRIGHT NOTICE
Place of production, publication, distribution, manufacture Bogotá, Colombia :
Name of producer, publisher, distributor, manufacturer Ediciones Martínez Roca,
Date of production, publication, distribution, manufacture, or copyright notice ©1974
300 ## - PHYSICAL DESCRIPTION
Extent 224 páginas, 4 páginas (sin numerar) :
Other physical details ilustraciones (algunas a color) ;
Dimensions 21 cm
336 ## - CONTENT TYPE
Fuente rdacontent
Content type term texto
Content type code txt
337 ## - MEDIA TYPE
Source rdamedia
Media type term sin medio
Media type code n
338 ## - CARRIER TYPE
Source rdacarrier
Carrier type term volumen
Carrier type code nc
650 #7 - SUBJECT ADDED ENTRY--TOPICAL TERM
9 (RLIN) 13986
Source of heading or term armarc
Topical term or geographic name entry element Viajes interplanetarios
650 #7 - SUBJECT ADDED ENTRY--TOPICAL TERM
Source of heading or term armarc
Topical term or geographic name entry element Civilización antigua
General subdivision Influencias extraterrestres
650 #7 - SUBJECT ADDED ENTRY--TOPICAL TERM
Source of heading or term armarc
Topical term or geographic name entry element Historia antigua
650 #7 - SUBJECT ADDED ENTRY--TOPICAL TERM
Source of heading or term armarc
Topical term or geographic name entry element Pueblos prehistóricos
700 1# - ADDED ENTRY--PERSONAL NAME
Personal name Videla, Eduardo,
Relator term traductor
765 0# - ORIGINAL LANGUAGE ENTRY
Main entry heading Däniken, Erich von, 1935-
Title A ussaat und kosmos.
942 ## - ADDED ENTRY ELEMENTS (KOHA)
Source of classification or shelving scheme Dewey Decimal Classification
Koha item type Libro
Classification part 919.904
Item part D62
Existencias
Withdrawn status Lost status Source of classification or shelving scheme Damaged status Not for loan Collection code Home library Current library Shelving location Date acquired Source of acquisition Total Checkouts Full call number Barcode Date last seen Price effective from Koha item type
    Dewey Decimal Classification     General Biblioteca Karol Wojtyla Biblioteca Karol Wojtyla Sala general 03/12/2013 Donación   919.904 D67 1974 48905 05/01/2026 03/12/2013 Libro